<?xml version="1.0" encoding="UTF-8"?>
<record
    xmlns:xsi="http://www.w3.org/2001/XMLSchema-instance"
    xsi:schemaLocation="http://www.loc.gov/MARC21/slim http://www.loc.gov/standards/marcxml/schema/MARC21slim.xsd"
    xmlns="http://www.loc.gov/MARC21/slim">

  <leader>04128nam a22002777a 4500</leader>
  <controlfield tag="003">DO-CoUTE</controlfield>
  <controlfield tag="005">20260515151011.0</controlfield>
  <controlfield tag="008">260515b        dr ||||| |||| 00| 0 spa d</controlfield>
  <datafield tag="040" ind1=" " ind2=" ">
    <subfield code="a">DO-CoUTE</subfield>
    <subfield code="b">spa</subfield>
    <subfield code="c">DO-CoUTE</subfield>
  </datafield>
  <datafield tag="041" ind1=" " ind2=" ">
    <subfield code="a">spa</subfield>
  </datafield>
  <datafield tag="092" ind1=" " ind2=" ">
    <subfield code="a">GEO 2026 P35</subfield>
  </datafield>
  <datafield tag="100" ind1="1" ind2=" ">
    <subfield code="a">Pe&#xF1;al&#xF3; Peralta, Celines Mar&#xED;a</subfield>
    <subfield code="e">Sustentante </subfield>
  </datafield>
  <datafield tag="245" ind1="1" ind2="0">
    <subfield code="a">Evaluaci&#xF3;n del Impacto de la Miner&#xED;a en la Calidad del Agua Subterr&#xE1;nea de S&#xE1;nchez Ram&#xED;rez / </subfield>
    <subfield code="c">Celines Mar&#xED;a Pe&#xF1;al&#xF3; Peralta, Rosanny Miguelina V&#xE1;squez Gil, Kelmelina Almanzar Jim&#xE9;nez, Heiddy Mar&#xED;a Marte Polanco, Raquel Inmaculada Acosta, Alex Rodr&#xED;guez Reynoso ; Asesor, Elpidio Moronta</subfield>
  </datafield>
  <datafield tag="260" ind1=" " ind2=" ">
    <subfield code="a">Cotu&#xED;, Rep&#xFA;blica Dominicana ; </subfield>
    <subfield code="b">UTECO, </subfield>
    <subfield code="c">2026</subfield>
  </datafield>
  <datafield tag="300" ind1=" " ind2=" ">
    <subfield code="a">160 Paginas : </subfield>
    <subfield code="b">Imagenes ; </subfield>
    <subfield code="c">23cm, </subfield>
    <subfield code="e">+ 1 CD-ROM </subfield>
  </datafield>
  <datafield tag="502" ind1=" " ind2=" ">
    <subfield code="a"> Trabajo de Grado (Ingenier&#xED;a en Geolog&#xED;a ) Universidad Tecnol&#xF3;gica del Cibao Oriental, 2026.</subfield>
  </datafield>
  <datafield tag="504" ind1=" " ind2=" ">
    <subfield code="a">Incluye referencia bibliogr&#xE1;fica e &#xED;ndice.

</subfield>
  </datafield>
  <datafield tag="520" ind1=" " ind2=" ">
    <subfield code="a">La provincia S&#xE1;nchez Ram&#xED;rez ha experimentado un incremento significativo en la
actividad minera en los &#xFA;ltimos a&#xF1;os, lo que ha generado preocupaciones sobre su impacto
ambiental. La miner&#xED;a puede alterar los acu&#xED;feros subterr&#xE1;neos, provocando contaminaci&#xF3;n
y deterioro en la calidad del agua potable para las comunidades locales. La presencia de
metales pesados y productos qu&#xED;micos utilizados en los procesos mineros representa un
riesgo para la salud humana y los ecosistemas acu&#xE1;ticos. Este estudio ten&#xED;a por objetivo
Evaluar el Impacto de la Miner&#xED;a en la Calidad del Agua Subterr&#xE1;nea de S&#xE1;nchez Ram&#xED;rez.
La provincia S&#xE1;nchez Ram&#xED;rez, y en particular la zona de Cotu&#xED; se enmarca en un
contexto de actividad minera de gran relevancia para la econom&#xED;a local. En este escenario,
Barrick Pueblo Viejo ha emergido como un actor clave en la extracci&#xF3;n de metales,
aportando empleo y desarrollo regional. A la vez, estas operaciones mineras plantean desaf&#xED;os ambientales que requieren atenci&#xF3;n continua para garantizar una actividad
responsable y sostenible a largo plazo.
Este proyecto se realiz&#xF3; con un dise&#xF1;o no experimental, un enfoque mixto y un tipo
de investigaci&#xF3;n descriptiva, as&#xED; como un m&#xE9;todo de investigaci&#xF3;n deductivo. Entre los
resultados encontrados se destacan: Las evaluaciones en el &#xE1;rea de Zambrana revelan una
distribuci&#xF3;n variada de pozos de agua subterr&#xE1;nea en diferentes contextos geogr&#xE1;ficos y
geol&#xF3;gicos, influyendo en la disponibilidad y vulnerabilidad del recurso h&#xED;drico. Algunos
pozos se encuentran en zonas con alta permeabilidad y formaciones favorables para la recarga del acu&#xED;fero, mientras otros en &#xE1;reas con menor infiltraci&#xF3;n, afectando su sostenibilidad. Los niveles fre&#xE1;ticos var&#xED;an seg&#xFA;n la altitud y condiciones del subsuelo, reflejando la complejidad hidrogeol&#xF3;gica del &#xE1;rea. Los an&#xE1;lisis fisicoqu&#xED;micos demostraron que el agua es apta para consumo humano, con par&#xE1;metros dentro de l&#xED;mites seguros, bajos niveles de contaminaci&#xF3;n y buena calidad f&#xED;sica. Sin embargo, se detect&#xF3; cadmio en niveles superiores a los permitidos por la OMS, sugiriendo una posible fuente de contaminaci&#xF3;n vinculada a actividades mineras o industriales, lo que requiere monitoreo y control constante. Los niveles de otros metales como zinc, hierro y cobre permanecen dentro de rangos seguros. La percepci&#xF3;n comunitaria indica que la miner&#xED;a ha afectado la calidad y
disponibilidad del agua, aunque existe incertidumbre y falta de informaci&#xF3;n clara por parte de las autoridades. La comunidad muestra inter&#xE9;s en fortalecer la vigilancia, participaci&#xF3;n y transparencia en la gesti&#xF3;n h&#xED;drica, destacando la necesidad de monitoreo continuo y mejor comunicaci&#xF3;n. </subfield>
  </datafield>
  <datafield tag="650" ind1=" " ind2="4">
    <subfield code="a">Impacto de la mineria en la calidad del agua </subfield>
  </datafield>
  <datafield tag="700" ind1="1" ind2=" ">
    <subfield code="a">Celines Mar&#xED;a Pe&#xF1;al&#xF3; Peralta</subfield>
    <subfield code="e">Sustentante </subfield>
  </datafield>
  <datafield tag="700" ind1="1" ind2=" ">
    <subfield code="a">Rosanny Miguelina V&#xE1;squez Gil</subfield>
    <subfield code="e">Sustentante </subfield>
  </datafield>
  <datafield tag="700" ind1="1" ind2=" ">
    <subfield code="a">Kelmelina Almanzar Jim&#xE9;nez</subfield>
    <subfield code="e">Sustentante </subfield>
  </datafield>
  <datafield tag="830" ind1=" " ind2=" ">
    <subfield code="a">Tesis y disertaciones acad&#xE9;micas (Universidad Tecnol&#xF3;gica del Cibao Oriental)</subfield>
  </datafield>
  <datafield tag="856" ind1=" " ind2=" ">
    <subfield code="y">Haga Click Aqu&#xED; para Descargar en Texto Completo</subfield>
  </datafield>
  <datafield tag="942" ind1=" " ind2=" ">
    <subfield code="2">ddc</subfield>
    <subfield code="c">TH</subfield>
  </datafield>
  <datafield tag="999" ind1=" " ind2=" ">
    <subfield code="c">24191</subfield>
    <subfield code="d">24191</subfield>
  </datafield>
  <datafield tag="952" ind1=" " ind2=" ">
    <subfield code="0">0</subfield>
    <subfield code="1">0</subfield>
    <subfield code="2">ddc</subfield>
    <subfield code="4">0</subfield>
    <subfield code="7">0</subfield>
    <subfield code="8">eT</subfield>
    <subfield code="a">BU</subfield>
    <subfield code="b">BU</subfield>
    <subfield code="c">GEN</subfield>
    <subfield code="d">2026-05-15</subfield>
    <subfield code="i">24191</subfield>
    <subfield code="l">0</subfield>
    <subfield code="o">GEO 2026 P35</subfield>
    <subfield code="p">24191</subfield>
    <subfield code="r">2026-05-15 15:10:50</subfield>
    <subfield code="t">Ej.1</subfield>
    <subfield code="w">2026-05-15</subfield>
    <subfield code="y">TH</subfield>
  </datafield>
</record>
